Generative AI and Libraries Claiming Our Place in the Center of a Shared Future
Salvato in:
| Autore principale: | |
|---|---|
| Altri autori: | |
| Natura: | Libro |
| Lingua: | inglese |
| Pubblicazione: |
Chicago
ALA Editions in Collaboration with Core
2025
|
| Soggetti: | |
| Tags: |
Nessun Tag, puoi essere il primo ad aggiungerne!!
|
MARC
| LEADER | 00000nam a2200000 4500 | ||
|---|---|---|---|
| 001 | 0311784 | ||
| 005 | 20251009110459.4 | ||
| 020 | |a 979-8-89255-310-0 | ||
| 041 | 0 | |a eng | |
| 044 | |a US | ||
| 245 | 1 | 0 | |a Generative AI and Libraries |b Claiming Our Place in the Center of a Shared Future |c Michael Hanegan and Chris Rosser |
| 264 | 1 | |a Chicago |b ALA Editions in Collaboration with Core |c 2025 | |
| 300 | |a 144 s. | ||
| 610 | 2 | 0 | |a knižnice |
| 610 | 2 | 0 | |a inteligencia umelá |
| 610 | 2 | 0 | |a inovácia |
| 610 | 2 | 0 | |a rozhodovanie |
| 610 | 2 | 0 | |a vzdelávanie |
| 100 | 1 | |a Hanegan, Michael | |
| 700 | 1 | |a Rosser, Chris | |